000 00603nam a22002297a 4500
003 UA-OsUOA
001 869
007 ta
008 20050706b un ||||| |||| 00| 0 ukr d
100 _aЭнгельс ф.
090 _a94(430)
_bЭ63
942 _cBK
040 _aUA-OsUOA
_brus
_cUA-OsUOA
_dUA-OsUOA
245 _aКрестьянская война в Германии
300 _a172 с.
955 _a1
041 _arus
080 _a94(430)
260 _aМ.
_bПолитиздат
_c1985
650 7 _a9 Географія. Біографії. Історія
_2UDC
999 _c286943
_d286943